| 000 | 00614nam a2200265Ia 4500 | ||
|---|---|---|---|
| 008 | 210210b1914 xxu||||| |||| 00| 0 eng d | ||
| 041 | _aeng | ||
| 082 | _a920/138 | ||
| 100 | _aPILLAI (Ananda Ranga) | ||
| 245 | _aPrivate diary of Ananda Ranga Pillai Vol III October 1746 to March 1747 | ||
| 260 |
_aMadras _bGovernment Press _c1914 |
||
| 650 | _aVol | ||
| 650 | _ato | ||
| 650 | _aRanga | ||
| 650 | _aPrivate | ||
| 650 | _aPillai | ||
| 650 | _aof | ||
| 650 | _aOctober1746 | ||
| 650 | _aII | ||
| 650 | _adiary | ||
| 650 | _aApril | ||
| 650 | _aAnanda | ||
| 690 | _aHistory | ||
| 906 | _a024880 | ||
| 999 |
_c150500 _d150500 |
||